Why did they kill? (Record no. 28737)
[ view plain ]
| 000 -LEADER | |
|---|---|
| fixed length control field | 01745nam a2200349Ia 4500 |
| 082 04 - DEWEY DECIMAL CLASSIFICATION NUMBER | |
| Classification number | 959.604/2 |
| 100 1# - MAIN ENTRY--AUTHOR NAME | |
| Personal name | Hinton, Alexander Laban. |
| 245 10 - TITLE STATEMENT | |
| Title | Why did they kill? |
| 260 ## - PUBLICATION, DISTRIBUTION, ETC. (IMPRINT) | |
| Place of publication | Berkeley : |
| Name of publisher | University of California Press, |
| Year of publication | 2005. |
| 300 ## - PHYSICAL DESCRIPTION | |
| Number of Pages | xxii, 360 p. |
| 490 1# - SERIES STATEMENT | |
| Series statement | California series in public anthropology ; |
| 505 0# - FORMATTED CONTENTS NOTE | |
| Formatted contents note | Introduction : in the shadow of genocide -- The prison without walls -- A head for an eye : Disproportionate Revenge -- Power, patronage, and suspicion -- In the shade of Pol Pot's umbrella -- The fire without smoke -- The DK social order -- Manufacturing difference -- The dark side of face and honor -- Conclusion : why people kill. |
| 650 #0 - SUBJECT ADDED ENTRY--TOPICAL TERM | |
| Topical Term | Political atrocities |
| Topical Term | Genocide |
| 856 40 - ELECTRONIC LOCATION AND ACCESS | |
| Uniform Resource Identifier | http://site.ebrary.com/lib/rucke/Doc?id=10068599 |
No items available.
